000 01142nam a22002295i 4500
001 167805
003 ES-MaACL
005 20251003063149.0
008 031013s1787 ne f |||| | fre d
040 _aCCPB | B
_bspa
_cCCPB | B
100 1 _aRobert, Marie-Anne,
_d1705-1771
_9155219
245 1 0 _aVoyages de Milord Céton dans les sept planettes, ou le nouveau mentor /
_c[Par Mme M.-A. de Roumier, Mme Robert.].
260 _aA Amsterdam et se trouve à Paris :
_brue et Hôtel Serpente,
_c1787.
300 _a[4], 396 p., [2] h. de grab. ;
_c8º.
490 1 _aVoyages imaginaires songes, visions et romans cabalistique ;
_v18
505 8 _aContiene, según portadilla: Les voyages de Milord Céton dans les sept planètes, ou le nouveau Mentor
597 _aSign.: [ ]2, A-Z8, 2A8, 2B4, 2C2.
599 _aLas h. de grab. son calc.: "C.P. Marillier d.", "Delignon sculp." y "C.P. Marithier, del." "I. Croutelle, sculp."
830 0 _aVoyages imaginaires songes, visions et romans cabalistique ;
_v18
_9222653
852 _aES-MaACL
_jR-3281
_z-- Enc. pasta
_q-- Falto de las h. de grab.
999 _c167805
_d167805